Cartas a mi esposa
Uloženo v:
| Hlavní autor: | |
|---|---|
| Médium: | Kniha |
| Jazyk: | španělština |
| Vydáno: |
Santiago
Imprenta Gutemberg
1878
|
| Vydání: | 1a. ed |
| Témata: | |
| Tagy: |
Přidat tag
Žádné tagy, Buďte první, kdo vytvoří štítek k tomuto záznamu!
|
MARC
| LEADER | 00000nam a2200000 a 4500 | ||
|---|---|---|---|
| 001 | UCJ4025 | ||
| 003 | CL-VaPUC | ||
| 008 | 070124e18780000CL |||||||||||||||||spa|d | ||
| 082 | 0 | 4 | |a Ch864 |b PAC |2 21 |
| 100 | |a Pacheco, Ramón |e autor |9 516059 | ||
| 245 | 1 | 0 | |a Cartas a mi esposa |
| 250 | |a 1a. ed | ||
| 300 | |a 200 p | ||
| 942 | |c BK | ||
| 945 | |d 20070124 00:00:00 |a rinostro | ||
| 260 | |a Santiago |b Imprenta Gutemberg |c 1878 | ||
| 650 | 0 | |a Ética |9 255099 | |
| 650 | 0 | |a Educación |9 258661 | |
| 650 | 0 | |a Virtudes |9 309526 | |
| 650 | 0 | |a Viajes |9 257115 | |
| 583 | |a last modification |c 20070124 00:00:00 |k Rodrigo Vera | ||
| 999 | |c 320143 |d 320141 | ||
| 952 | |0 0 |1 0 |4 0 |6 CH_864_000000000000000_PAC_1878 |7 0 |8 X |9 398615 |a FDOBUD |b FDOBUD |d 2019-11-22 |i 1012401 |o Ch864 PAC 1878 |p 1012401 |r 2019-11-22 |w 2019-11-22 |y BK_X |k BUD | ||